[Event "CZE-chT2J 0203"]
[Site "Czech Republic"]
[Date "2003.??.??"]
[Round "8"]
[White "Kratochvil, Milos"]
[Black "Vrkoc, David"]
[Result "1-0"]
[WhiteElo "2093"]
[BlackElo "2044"]
[PlyCount "117"]
[EventDate "2002.10.??"]
[EventType "team-tourn"]
[EventRounds "11"]
[EventCountry "CZE"]
[SourceTitle "EXT 2007"]
[Source "ChessBase"]
[SourceDate "2006.11.23"]
[SourceVersion "1"]
[SourceVersionDate "2006.11.23"]
[SourceQuality "1"]

1. d4 Nf6 2. c4 c5 3. d5 e6 4. Nc3 exd5 5. cxd5 d6 6. e4 g6 7. Bd3 Bg7 8. Nge2 Na6 9. 0-0 0-0 10. h3 Nc7 11. a4 a6 12. Bg5 h6 13. Bh4 Bd7 14. f4 Qe8 15. a5 Bb5 16. Re1 Qd7 17. Bf2 Rfe8 18. Ng3 Rad8 19. Nf1 Re7 20. Bh4 Rde8 21. Nh2 Rf8 22. e5 dxe5 23. fxe5 Nfxd5 24. Nxd5 Rxe5 25. Bxb5 Qxd5 26. Qxd5 Rxd5 27. Bc4 Rd4 28. Bg3 Rxc4 29. Bxc7 Bxb2 30. Rab1 Bd4+ 31. Kh1 Bc3 32. Rec1 Rb4 33. Nf3 Re8 34. Bb6 Rxb1 35. Rxb1 c4 36. Rc1 Bf6 37. Rxc4 Re2 38. Rc8+ Kg7 39. Rc7 g5 40. Rxb7 h5 41. Bd4 g4 42. hxg4 Bxd4 43. Nxd4 Re1+ 44. Kh2 hxg4 45. Rb6 f6 46. Rxa6 Re5 47. Kg3 Rd5 48. Ne6+ Kf7 49. Nf4 Rg5 50. Ra7+ Ke8 51. a6 Ra5 52. Kxg4 Rg5+ 53. Kf3 Ra5 54. g4 Ra3+ 55. Ke4 Ra5 56. Nd5 Kf8 57. Nb4 Rg5 58. Kf4 Rc5 59. Rb7 1-0